000 00778cam a22002653a 4500
001 130
003 PGUSA
005 20140828082944.0
008 940501s1994||||xxu|||||s|||||000 | eng d
040 _aPGUSA
_beng
042 _adc
050 4 _aBR
100 1 _aChesterton, G. K.
_q(Gilbert Keith),
_d1874-1936
245 1 0 _aOrthodoxy
_h[electronic resource] /
_cG. K. Chesterton
260 _bProject Gutenberg,
_c1994
500 _aCompanion to Heretics
506 _aPublic domain in the USA.
516 _aElectronic text
653 _aApologetics
653 _aChesterton, G. K. (Gilbert Keith), 1874-1936
653 _aChristianity -- Essence, genius, nature
830 0 _aProject Gutenberg
_v130
856 4 0 _uhttp://www.gutenberg.org/ebooks/130
942 _cEB
999 _c229501
_d229501